Lonely planet ireland / (Record no. 15734)
[ view plain ]
| 000 -LEADER | |
|---|---|
| fixed length control field | 01412nam a2200241 a 4500 |
| 001 - CONTROL NUMBER | |
| control field | ASIN1741798248 |
| 005 - DATE AND TIME OF LATEST TRANSACTION | |
| control field | 20170105102924.0 |
| 008 - FIXED-LENGTH DATA ELEMENTS--GENERAL INFORMATION | |
| fixed length control field | 131210s2012 xxu eng d |
| 020 ## - INTERNATIONAL STANDARD BOOK NUMBER | |
| International Standard Book Number | 1741798248 (paperback) |
| Terms of availability | $24.99 |
| 020 ## - INTERNATIONAL STANDARD BOOK NUMBER | |
| International Standard Book Number | 9781741798241 (paperback) |
| 040 ## - CATALOGING SOURCE | |
| Original cataloging agency | 0 |
| 100 1# - MAIN ENTRY--PERSONAL NAME | |
| Personal name | Davenport, Fionn. |
| 245 10 - TITLE STATEMENT | |
| Title | Lonely planet ireland / |
| Statement of responsibility, etc. | Fionn Davenport, Ryan Ver Berkmoes. |
| 250 ## - EDITION STATEMENT | |
| Edition statement | 10th ed. |
| 260 ## - PUBLICATION, DISTRIBUTION, ETC. | |
| Place of publication, distribution, etc. | [S.l.] : |
| Name of publisher, distributor, etc. | Lonely Planet, |
| Date of publication, distribution, etc. | 2012. |
| 300 ## - PHYSICAL DESCRIPTION | |
| Extent | 764 p. ; |
| Dimensions | 20 cm. |
| 490 1# - SERIES STATEMENT | |
| Series statement | Country travel guide. |
| 520 ## - SUMMARY, ETC. | |
| Summary, etc. | “A small country with a big reputation, helped along by a timeless, age-caressed landscape and a fascinating, friendly people, whose lyrical nature is expressed in the warmth of their welcome.” – Fionn Davenport, Lonely Planet Writer Our Promise You can trust our travel information because Lonely Planet authors visit the places we write about, each and every edition. We never accept freebies for positive coverage so you can rely on us to tell it like it is. Inside This Book… 5 authors 6 months of on-the-ground research 88 maps Countless pints of Guinness Inspirational photos Clear, easy-to-use maps Pull-out city map 3D plans of iconic sights Comprehensive planning tools Easy-to-read |
| 700 ## - ADDED ENTRY--PERSONAL NAME | |
| Personal name | Berkmoes, Ry |
| 830 ## - SERIES ADDED ENTRY--UNIFORM TITLE | |
| Uniform title | Country travel |
| 856 ## - ELECTRONIC LOCATION AND ACCESS | |
| Materials specified | Amazon.com |
| Uniform Resource Identifier | <a href="http://www.amazon.com/exec/obidos/ASIN/1741798248/chopacon">http://www.amazon.com/exec/obidos/ASIN/1741798248/chopacon</a> |
| 942 ## - ADDED ENTRY ELEMENTS (KOHA) | |
| Source of classification or shelving scheme | |
| Koha item type | Book |
| Withdrawn status | Lost status | Damaged status | Not for loan | Collection code | Permanent Location | Current Location | Shelving location | Date acquired | Total Checkouts | Full call number | Barcode | Date last seen | Price effective from | Koha item type |
|---|---|---|---|---|---|---|---|---|---|---|---|---|---|---|
| Central Library (CL) | Central Library (CL) | General Stacks | 10/02/2013 | 914 IRE 2012 | CIPS0001953 | 12/10/2013 | 12/10/2013 | Book |
